[Event "SVK-chT1W 1617"]
[Site "Slovakia"]
[Date "2016.12.10"]
[Round "5.8"]
[White "Blaho, Stefan"]
[Black "Kosar, Mikulas"]
[Result "1-0"]
[WhiteElo "2021"]
[BlackElo "1825"]
[PlyCount "111"]
[EventDate "2016.10.15"]
[EventType "team-tourn"]
[EventRounds "11"]
[EventCountry "SVK"]
[SourceTitle "EXT 2018"]
[Source "ChessBase"]
[SourceDate "2017.10.13"]
[SourceVersion "1"]
[SourceVersionDate "2017.10.13"]
[SourceQuality "1"]
[WhiteTeam "Podhajska Termal"]
[BlackTeam "Gabcikovo Russel"]
[WhiteTeamCountry "SVK"]
[BlackTeamCountry "SVK"]

1. d4 d5 2. c4 Nf6 3. cxd5 Qxd5 4. Nc3 Qa5 5. Bd2 c6 6. Nf3 e6 7. e4 Bb4 8. a3 Bxc3 9. Bxc3 Qd8 10. Bd3 0-0 11. 0-0 Nbd7 12. b4 b6 13. Qe2 g6 14. Rfd1 Bb7 15. Rac1 Qe7 16. h3 Rfc8 17. Qe3 Qf8 18. Rc2 Re8 19. Rdc1 Rac8 20. Bb2 h6 21. g4 h5 22. g5 Nh7 23. e5 a6 24. Nd2 b5 25. Ne4 Nb6 26. Nd6 Nd5 27. Qg3 Qe7 28. h4 Red8 29. Nxc8 Rxc8 30. Bc3 Nf8 31. Be4 Nd7 32. Bd2 N7b6 33. Qd3 Kg7 34. Kh2 Nc4 35. Rxc4 bxc4 36. Qxc4 Qd7 37. Qc5 Rc7 38. Bd3 Ne7 39. b5 axb5 40. Bxb5 Nf5 41. Bf1 Nxd4 42. Bb4 Nf3+ 43. Kg3 Nd2 44. Bg2 Qd3+ 45. Qe3 Qxe3+ 46. fxe3 Rd7 47. Rc2 Nb3 48. Bxc6 Bxc6 49. Rxc6 Rd3 50. Rc8 Nd4 51. Bf8+ Kh7 52. Kf2 Nf5 53. e4 Nxh4 54. Be7 Rf3+ 55. Ke2 Rf4 56. Bf6 1-0

[Event "SVK-chT4 A22 1617"]
[Site "Slovakia"]
[Date "2016.12.04"]
[Round "5.2"]
[White "Kosar, Mikulas"]
[Black "Suchan, Jozef"]
[Result "1-0"]
[WhiteElo "1806"]
[BlackElo "1728"]
[PlyCount "73"]
[EventDate "2016.10.09"]
[EventType "team-tourn"]
[EventRounds "11"]
[EventCountry "SVK"]
[SourceTitle "EXT 2020"]
[Source "ChessBase"]
[SourceDate "2019.10.17"]
[SourceVersion "1"]
[SourceVersionDate "2019.10.17"]
[SourceQuality "1"]

1. d4 d5 2. Nf3 e6 3. Bf4 Nf6 4. e3 Be7 5. Bd3 0-0 6. Nbd2 Nbd7 7. c3 Nh5 8. Bg3 Nxg3 9. hxg3 g6 10. Nh4 e5 11. dxe5 Nxe5 12. Bc2 a5 13. Qe2 c6 14. 0-0-0 Re8 15. Nhf3 Bg4 16. Rh2 Kg7 17. Rdh1 Rh8 18. Qe1 Qd6 19. Nxe5 Qxe5 20. f3 Be6 21. g4 b5 22. f4 Qd6 23. f5 Bd7 24. Nf3 h6 25. Qd2 g5 26. Rh3 b4 27. cxb4 axb4 28. Bb3 Bf6 29. Kb1 Bc8 30. Nd4 Bb7 31. Rc1 c5 32. Nf3 Rhc8 33. e4 d4 34. e5 Bxe5 35. Nxg5 Bf4 36. Ne6+ Kh7 37. Qxf4 1-0

[Event "EU Amateur-ch"]
[Site "Ruzomberok"]
[Date "2016.06.11"]
[Round "8"]
[White "Necula, Iulian"]
[Black "Kosar, Mikulas"]
[Result "1/2-1/2"]
[WhiteElo "1965"]
[BlackElo "1837"]
[PlyCount "62"]
[EventDate "2016.06.06"]
[EventType "swiss"]
[EventRounds "9"]
[EventCountry "SVK"]
[SourceTitle "CBM 172 Extra"]
[Source "ChessBase"]
[SourceDate "2016.06.21"]
[SourceVersion "1"]
[SourceVersionDate "2016.06.21"]
[SourceQuality "1"]

1. c4 e5 2. Nc3 Nf6 3. Nf3 d6 4. d4 exd4 5. Nxd4 c6 6. g3 Nbd7 7. Bg2 Qc7 8. 0-0 Ne5 9. b3 Be7 10. e4 0-0 11. Nf5 Bxf5 12. exf5 Rfe8 13. h3 Rad8 14. f4 Ned7 15. g4 d5 16. cxd5 cxd5 17. Qf3 Nb6 18. Kh1 a6 19. Bb2 Bc5 20. Rfe1 Bb4 21. a3 Bxc3 22. Qxc3 Qxf4 23. Rf1 Qd6 24. Rae1 h6 25. Qd4 Rxe1 26. Rxe1 Re8 27. Rxe8+ Nxe8 28. Qe3 Nf6 29. Bd4 Nbd7 30. b4 b5 31. Kg1 Kf8 1/2-1/2

[Event "SVK-chT1W 1516"]
[Site "Slovakia"]
[Date "2015.12.12"]
[Round "5.2"]
[White "Kosar, Mikulas"]
[Black "Huba, Martin Jr"]
[Result "1-0"]
[WhiteElo "1794"]
[BlackElo "2165"]
[PlyCount "87"]
[EventDate "2015.10.24"]
[EventType "team-tourn"]
[EventRounds "11"]
[EventCountry "SVK"]
[SourceTitle "CBM 170 Extra"]
[Source "ChessBase"]
[SourceDate "2016.02.25"]
[SourceVersion "1"]
[SourceVersionDate "2016.02.25"]
[SourceQuality "1"]
[WhiteTeam "Gabcikovo"]
[BlackTeam "Prievidza"]
[WhiteTeamCountry "SVK"]
[BlackTeamCountry "SVK"]

1. d4 Nf6 2. Nf3 e6 3. Bf4 b6 4. e3 Bb7 5. Bd3 Be7 6. Nbd2 d5 7. Ne5 0-0 8. c3 Nbd7 9. Qc2 c5 10. Nxd7 Qxd7 11. h3 Rac8 12. 0-0 h6 13. Nf3 c4 14. Be2 b5 15. a3 Qd8 16. Ne5 Qb6 17. g4 Qd8 18. Kh1 Ne4 19. f3 Nd6 20. Rg1 Bh4 21. Rg2 g5 22. Bh2 Qf6 23. Nd7 Qe7 24. Nxf8 Rxf8 25. Bxd6 Qxd6 26. Rf1 Kg7 27. f4 f6 28. b4 Bc6 29. Bd1 Be8 30. Qe2 Rh8 31. Qf3 Qa6 32. Ra2 Bg6 33. f5 exf5 34. Qxd5 fxg4 35. Qd7+ Bf7 36. Bxg4 Re8 37. Re2 Qb6 38. Bh5 Qe6 39. Qxe6 Rxe6 40. Bxf7 Kxf7 41. Kg2 Kg6 42. e4 h5 43. Rf5 Rxe4 44. Rxf6+ 1-0

[Event "Ostrava Konik op"]
[Site "Ostrava"]
[Date "2014.05.03"]
[Round "8"]
[White "Nytra, Ondrej"]
[Black "Kosar, Mikulas"]
[Result "1-0"]
[WhiteElo "1452"]
[BlackElo "1896"]
[PlyCount "102"]
[EventDate "2014.04.26"]
[EventType "swiss"]
[EventRounds "9"]
[EventCountry "CZE"]
[SourceTitle "CBM 160 Extra"]
[Source "ChessBase"]
[SourceDate "2014.07.01"]
[SourceVersion "1"]
[SourceVersionDate "2014.07.01"]
[SourceQuality "1"]

1. e4 c5 2. Nc3 Nc6 3. g3 e6 4. d3 d5 5. Bg2 d4 6. Nce2 Nf6 7. f4 Be7 8. Nf3 Qc7 9. 0-0 b5 10. h3 Bb7 11. c3 Qb6 12. cxd4 cxd4 13. Kh1 a5 14. a4 b4 15. b3 0-0 16. g4 Bc5 17. Ng3 Nd7 18. g5 Ne7 19. h4 f5 20. e5 Nd5 21. Bd2 Nc3 22. Bxc3 bxc3 23. g6 h6 24. Nh5 Bd5 25. Rb1 Rab8 26. Qe2 Qc6 27. Kh2 Rb4 28. Ng3 Rfb8 29. Qc2 Rxb3 30. Rxb3 Rxb3 31. Nxd4 Bxd4 32. Qxb3 Bxb3 33. Bxc6 Nc5 34. Ne2 Be3 35. Nxc3 Bd2 36. Ne2 Bc2 37. Bb5 Be3 38. Rf3 Bd2 39. d4 Be4 40. Rg3 Nb7 41. Rb3 Bb4 42. Ba6 Nd8 43. Bc8 Kf8 44. Bd7 Ke7 45. Bb5 Bc2 46. Rb2 Be4 47. Kg3 Be1+ 48. Kh3 Bb4 49. Ng3 Bf3 50. Rc2 Bg4+ 51. Kg2 Nc6 1-0

[Event "Ostrava Konik op"]
[Site "Ostrava"]
[Date "2014.04.29"]
[Round "4"]
[White "Havelka, Ondrej"]
[Black "Kosar, Mikulas"]
[Result "0-1"]
[WhiteElo "1661"]
[BlackElo "1896"]
[PlyCount "64"]
[EventDate "2014.04.26"]
[EventType "swiss"]
[EventRounds "9"]
[EventCountry "CZE"]
[SourceTitle "CBM 160 Extra"]
[Source "ChessBase"]
[SourceDate "2014.07.01"]
[SourceVersion "1"]
[SourceVersionDate "2014.07.01"]
[SourceQuality "1"]

1. d4 d5 2. c4 e6 3. Nc3 Nf6 4. Bg5 Nbd7 5. Nf3 c6 6. e3 Bb4 7. cxd5 exd5 8. Bd3 h6 9. Bh4 0-0 10. 0-0 Bd6 11. Qc2 Re8 12. Rad1 g5 13. Bg3 Bxg3 14. hxg3 Qe7 15. Rfe1 Ne4 16. Nd2 Nxd2 17. Qxd2 Nf6 18. f3 Kg7 19. e4 dxe4 20. fxe4 Qb4 21. Bb1 Rd8 22. d5 Ng4 23. Rf1 cxd5 24. exd5 Qc5+ 25. Kh1 Qe3 26. Qc2 f5 27. Rf3 Qe5 28. Nb5 Bd7 29. Nc3 Qe8 30. Kg1 Qh5 31. Rxf5 Qh2+ 32. Kf1 Ne3+ 0-1

[Event "Stara Lubovna op"]
[Site "Stara Lubovna"]
[Date "2014.04.09"]
[Round "4"]
[White "Kosar, Mikulas"]
[Black "Ihnat, Marek"]
[Result "1/2-1/2"]
[WhiteElo "1896"]
[BlackElo "1366"]
[PlyCount "56"]
[EventDate "2014.04.06"]
[EventType "swiss"]
[EventRounds "7"]
[EventCountry "SVK"]
[SourceTitle "CBM 160 Extra"]
[Source "ChessBase"]
[SourceDate "2014.07.01"]
[SourceVersion "1"]
[SourceVersionDate "2014.07.01"]
[SourceQuality "1"]

1. e4 d5 2. exd5 Qxd5 3. d4 Bf5 4. c4 Qe4+ 5. Be3 Qc2 6. Qxc2 Bxc2 7. Nc3 e6 8. c5 Nf6 9. f3 h6 10. Bb5+ c6 11. Bc4 Be7 12. Nge2 Nd5 13. Bxd5 exd5 14. Kd2 Bh7 15. h4 Nd7 16. g4 g5 17. hxg5 hxg5 18. Rh2 0-0-0 19. Rah1 Nf8 20. Ng3 f6 21. Nf5 Rd7 22. Nxe7+ Rxe7 23. b4 a6 24. a4 Ng6 25. b5 Nh4 26. Rf2 Rhe8 27. Re1 a5 28. b6 Bg6 1/2-1/2

[Event "SVK-chT4 A22 1314"]
[Site "Slovakia"]
[Date "2014.01.26"]
[Round "7.1"]
[White "Kosar, Mikulas"]
[Black "Both, Lajos"]
[Result "1-0"]
[WhiteElo "1881"]
[BlackElo "1815"]
[PlyCount "79"]
[EventDate "2013.10.06"]
[EventType "team-tourn"]
[EventRounds "11"]
[EventCountry "SVK"]
[SourceTitle "EXT 2015"]
[Source "ChessBase"]
[SourceDate "2014.11.20"]
[SourceVersion "1"]
[SourceVersionDate "2014.11.20"]
[SourceQuality "1"]
[WhiteTeam "Gabcikovo Russel III"]
[BlackTeam "Potonska Veza II"]
[WhiteTeamCountry "SVK"]
[BlackTeamCountry "SVK"]

1. Nf3 Nf6 2. d4 d5 3. Bf4 e6 4. e3 Bd6 5. Ne5 0-0 6. Bd3 Nbd7 7. Nd2 Re8 8. h3 Nf8 9. Ndf3 Bxe5 10. Nxe5 N6d7 11. Nxd7 Bxd7 12. h4 f6 13. f3 e5 14. dxe5 fxe5 15. Bg5 Qc8 16. h5 h6 17. Bh4 c5 18. g4 e4 19. fxe4 Bxg4 20. Be2 Bxe2 21. Qxd5+ Kh8 22. Kxe2 Qg4+ 23. Kd3 Qd7 24. c4 Qc7 25. Kc2 Re6 26. Rag1 Rae8 27. Rg4 Rc6 28. Rhg1 Ne6 29. Bg3 Qe7 30. Bh4 Qc7 31. R1g2 Rf8 32. Bg3 Qe7 33. Qe5 Rf7 34. Rg6 Kg8 35. Qd5 Qd7 36. Be5 Rb6 37. b3 Ra6 38. a4 Ng5 39. Rxg7+ Kh8 40. Rxf7+ 1-0

[Event "SVK-chT2A 1314"]
[Site "Slovakia"]
[Date "2013.10.20"]
[Round "2.7"]
[White "Mikulas, Dusan"]
[Black "Kosar, Mikulas"]
[Result "1/2-1/2"]
[WhiteElo "2112"]
[BlackElo "1881"]
[PlyCount "88"]
[EventDate "2013.10.19"]
[EventType "team-tourn"]
[EventRounds "11"]
[EventCountry "SVK"]
[SourceTitle "EXT 2015"]
[Source "ChessBase"]
[SourceDate "2014.11.20"]
[SourceVersion "1"]
[SourceVersionDate "2014.11.20"]
[SourceQuality "1"]
[WhiteTeam "Bratislava DP"]
[BlackTeam "Gabcikovo"]
[WhiteTeamCountry "SVK"]
[BlackTeamCountry "SVK"]

1. e4 d5 2. exd5 Nf6 3. d4 Nxd5 4. c4 Nb4 5. a3 N4a6 6. Nf3 Bg4 7. Be2 e6 8. Be3 c5 9. 0-0 Be7 10. h3 Bh5 11. Ne5 Bxe2 12. Qxe2 0-0 13. Rd1 cxd4 14. Bxd4 Qc7 15. Nc3 Nc6 16. Nxc6 bxc6 17. Be5 Qc8 18. b4 f6 19. Bg3 e5 20. c5 Nc7 21. f4 Re8 22. fxe5 Kh8 23. Qf3 Ne6 24. Ne4 fxe5 25. Bxe5 Ng5 26. Nxg5 Bxg5 27. Qc3 Rxe5 28. Qxe5 Bf6 29. Qe4 Bxa1 30. Rxa1 a5 31. Rd1 axb4 32. axb4 h6 33. Rd6 Ra1+ 34. Kh2 Rf1 35. Qd4 Qc7 36. Qe5 Rf6 37. Qg3 Qe7 38. Rxf6 Qxf6 39. Qd6 Qc3 40. b5 cxb5 41. c6 b4 42. c7 Kh7 43. Qf4 Kg8 44. h4 b3 1/2-1/2

[Event "SVK-chT2A 1314"]
[Site "Slovakia"]
[Date "2013.10.19"]
[Round "1.8"]
[White "Sahidi, Samir"]
[Black "Kosar, Mikulas"]
[Result "1/2-1/2"]
[WhiteElo "1885"]
[BlackElo "1881"]
[PlyCount "139"]
[EventDate "2013.10.19"]
[EventType "team-tourn"]
[EventRounds "11"]
[EventCountry "SVK"]
[SourceTitle "EXT 2015"]
[Source "ChessBase"]
[SourceDate "2014.11.20"]
[SourceVersion "1"]
[SourceVersionDate "2014.11.20"]
[SourceQuality "1"]
[WhiteTeam "Bratislava KSN"]
[BlackTeam "Gabcikovo"]
[WhiteTeamCountry "SVK"]
[BlackTeamCountry "SVK"]

1. c4 d5 2. cxd5 Qxd5 3. Nc3 Qa5 4. Nf3 Nf6 5. a3 c6 6. e3 e5 7. Rb1 Be7 8. b4 Qc7 9. Be2 Bf5 10. Ra1 0-0 11. 0-0 Nbd7 12. Bb2 Bd6 13. Rc1 a6 14. d3 Nb6 15. e4 Bg4 16. Nd2 Bxe2 17. Qxe2 Qe7 18. Nc4 Nxc4 19. dxc4 a5 20. c5 Bc7 21. f3 axb4 22. axb4 Qe6 23. Ra1 Rad8 24. Rfd1 Rxd1+ 25. Qxd1 Rd8 26. Qe2 Nh5 27. Rd1 Rd7 28. g3 Kf8 29. b5 Ke7 30. b6 Bb8 31. Bc1 Rxd1+ 32. Nxd1 g6 33. Ne3 Ng7 34. Qc4 Qd7 35. Kf2 h5 36. Ke1 Qh3 37. Nf1 Ne6 38. Be3 Qg2 39. Qe2 Qh3 40. Qa2 Nf8 41. Qa8 Qc8 42. Nd2 f5 43. Nb3 Ne6 44. Na5 f4 45. Bf2 fxg3 46. hxg3 Nd4 47. Bxd4 exd4 48. f4 g5 49. e5 gxf4 50. gxf4 h4 51. Nc4 h3 52. Nd6 Qg8 53. Qxb7+ Ke6 54. Qxc6 Qg3+ 55. Kf1 Qxf4+ 56. Kg1 Qc1+ 57. Kh2 Kxe5 58. Qe4+ Kf6 59. Qf5+ Kg7 60. Qe5+ Kg6 61. Qe4+ Kg5 62. Qf5+ Kh6 63. Qxh3+ Kg6 64. Qg4+ Qg5 65. Qxg5+ Kxg5 66. Kg3 Kf6 67. Kf4 Ke6 68. b7 Kd5 69. Kf3 Kxc5 70. Nf7 1/2-1/2